000 00395nam a2200157Ia 4500
008 231221s9999 xx 000 0 und d
020 _a764567063
041 _aEnglish
082 _a641.874 REG;1 R
100 _aRegan, GaryRegan, Mardee Haidin
245 0 _aNew classic cocktails
260 _c1997
_bWiley
_aNew York
300 _axii+132
650 _aclassic,cocktails
942 _cHM
999 _c208357
_d208357